Personnages des aventures de Tintin : Dupond et Dupont - Statistiques

Statistiques générales
  • Ce quiz a été pris 185 fois
  • Le résultat moyen est 12 sur 20
Statistiques - réponses
Questions Réponses % Correct
Expression favorite des Dupondts : "Je dirais même ____ : ...". Plus
98%
Trait physique qui distingue Dupond et Dupont. Leur moustache
94%
Type de chapeau de feutre que portent Dupond et Dupont. Des chapeaux melons
92%
Type de véhicule que conduisait Dupond dans le désert (dans "Tintin au Pays de l'Or noir"). Une Jeep
87%
Ville d'Italie souvent citée par les Dupondts en calembours : "Botus et mouche cousue, telle est notre _____". Venise
76%
Insecte holométabole se trouvant dans le colis adressé à M. Hornet de l'expédition Sanders-Hardmuth que les Dupondts ont ouvert par "sens du devoir" pour assurer la protection de ce monsieur. Un papillon
73%
"Merveille du monde" où se sont rendus Dupond et Dupont dans "Le Temple du Soleil" car leur pendule indique que Tintin, Haddock et Tournesol sont dans un endroit où il y a beaucoup de soleil. La Pyramide de Gizeh
72%
Pays d'où proviennent les costumes que portent les Dupondts lors de leur arrivée sur la base aérospatiale d'où doit décoller la fusée lunaire du Professeur Tournesol. La Grèce
71%
Port historiquement breton à l'embouchure de la Loire dont la police envoya les Dupondts à Calao au Pérou pour aider le Señor Inspector Superior dans la délicate affaire de l'enlèvement du Professeur Tournesol. Saint-Nazaire
71%
Société de dépannage qui diffuse à la radio une chanson publicitaire détournée du répertoire de Charles Trenet, société que les Dupondts accusent de falsifier l'essence avec un produit détonant. La dépanneuse Simoun
66%
Paquebot ayant fait naufrage dans l'Atlantique et dont le nom figure sur le bonnet des Dupondts lorsqu'ils s'embarquèrent en costume de marin indiscret sur le Speedol Star. Le Titanic
64%
Album des aventures de Tintin dans lequel Dupond et Dupont apparaissent pour la première fois comme protagonistes. Les Cigares du Pharaon
59%
Grande île d'Asie du sud-est où l'animal précédent a été capturé. Java
57%
Modèle de voiture Citroën que conduisait Dupond à partir de "L'Affaire Tournesol". 2 Chevaux
55%
Heure du décollage de la fusée lunaire au matin. Les Dupondts l'ont confondue avec la même heure, l'après-midi. 1h34
43%
Homme d'État athénien, grand adversaire du roi de Macédoine Philippe II, au travers notamment de ses quatre Philippiques. Il est considéré comme l'un des plus grands orateurs de l'Antiquité. Dupond le cite au téléphone pour bien préciser qu'il s'agit de Dupond avec D comme dans D_______ . Démosthène
38%
Acteur prêtant sa voix aux Dupondts dans le film "Tintin et le Mystère de la Toison d'or", représentés physiquement par les frères Gamonal, non francophones. Il est connu notamment pour son rôle dans "Le Crabe-Tambour" de Pierre Schoendoerffer. Jacques Dufilho
23%
Acteur prêtant sa voix à Dupond dans les dessins animés "Les Aventures de Tintin" de 1991. Acteur spécialiste du doublage qui fut la voix française d'Anthony Hopkins et de Jack Nicholson, notamment. Il jouait aussi le rôle principal d'Émile le Roux dans la série "Les Dossiers de l'Agence O" en 1968. Jean-Pierre Moulin
22%
Poète français (1793-1843), fils d'un partisan de l'insurrection vendéenne, auteur du poème "Les Trois jours de Christophe Colomb" que cite Dupont dans "Le Sceptre d'Ottokar" : "Trois jours, leur dit Colomb, et je vous donne un monde !" Casimir Delavigne
20%
Acteur français d'origine russe prêtant sa voix à Dupont dans les dessins animés "Les Aventures de Tintin" de 1991. Il a été connu pour ses seconds rôles aux côtés de Louis de Funès notamment dans "Le Gendarme se marie", "Le Gendarme en balade", "Pouic-Pouic" ou "Le Tatoué". Yves Barsacq
19%
Aucun quiz correspondant
Distribution des résultats
% des personnes avec chaque résultat
Percentile par nombre de réponses
Votre historique - résultats
Vous n’avez pas pris ce quiz